| 000 | 00873nam a22002777a 4500 | ||
|---|---|---|---|
| 003 | CHAP | ||
| 005 | 20220329133932.0 | ||
| 008 | 971013s r 00010 d | ||
| 010 | _a12900 | ||
| 011 | _a13872 | ||
| 035 | _a17944 | ||
| 040 | _cCHAP | ||
| 090 | _aR-1641 | ||
| 100 | 0 | 0 |
_aHeadlee, Thomas J. _953234 |
| 245 | _aSome facts relative to the effect og high frequency radioi waves activity | ||
| 500 | _aSobretiro de : Journal of the New York Ent. Soc. 37:59-64, 1929 | ||
| 590 |
_aBATCH-UPD _b10 _c20130110 _lUCH01 _h0305 |
||
| 590 |
_aBATCH-UPD _b10 _c20130110 _lUCH01 _h1842 |
||
| 590 |
_aCONVERSION _b10 _c20130109 _lUCH01 _h1308 |
||
| 650 | 1 | 4 |
_aControl de plagas. _927595 |
| 650 | 1 | 4 |
_aOndas sonoras _xEfecto en insectos. _983306 |
| 700 | 0 |
_aBurdette, Robert C. _916124 |
|
| 901 | _aBK | ||
| 942 | _cREIMP | ||
| 949 |
_aR-1641 _bBC _cR _d-42006 _eTS1 _i17944 _si |
||
| 999 |
_c12900 _d12900 |
||